<?xml version="1.0" encoding="UTF-8"?>
<record
    xmlns:xsi="http://www.w3.org/2001/XMLSchema-instance"
    xsi:schemaLocation="http://www.loc.gov/MARC21/slim http://www.loc.gov/standards/marcxml/schema/MARC21slim.xsd"
    xmlns="http://www.loc.gov/MARC21/slim">

  <leader>00688nam a22002297a 4500</leader>
  <controlfield tag="005">20220223144943.0</controlfield>
  <controlfield tag="008">220223b           ||||| |||| 00| 0 eng d</controlfield>
  <datafield tag="020" ind1=" " ind2=" ">
    <subfield code="a">9789391166885</subfield>
  </datafield>
  <datafield tag="040" ind1=" " ind2=" ">
    <subfield code="c">AL</subfield>
  </datafield>
  <datafield tag="041" ind1=" " ind2=" ">
    <subfield code="a">English</subfield>
  </datafield>
  <datafield tag="082" ind1=" " ind2=" ">
    <subfield code="2">23</subfield>
    <subfield code="a">032.02</subfield>
    <subfield code="b">SINE</subfield>
  </datafield>
  <datafield tag="100" ind1=" " ind2=" ">
    <subfield code="a">Narender Singh and others</subfield>
    <subfield code="9">21758</subfield>
  </datafield>
  <datafield tag="245" ind1=" " ind2=" ">
    <subfield code="a">Evince General Knowledge</subfield>
    <subfield code="b">Based on NCERT</subfield>
  </datafield>
  <datafield tag="260" ind1=" " ind2=" ">
    <subfield code="a">New Delhi</subfield>
    <subfield code="b">Global Net Publication</subfield>
  </datafield>
  <datafield tag="300" ind1=" " ind2=" ">
    <subfield code="a">361 p.</subfield>
    <subfield code="b">PB</subfield>
    <subfield code="c">27x21 cm.</subfield>
  </datafield>
  <datafield tag="365" ind1=" " ind2=" ">
    <subfield code="a">6001</subfield>
    <subfield code="b">&#x20B9;208.00</subfield>
    <subfield code="c">&#x20B9;</subfield>
    <subfield code="d">&#x20B9;260.00</subfield>
    <subfield code="e">20%</subfield>
    <subfield code="f">22-02-2022</subfield>
  </datafield>
  <datafield tag="440" ind1=" " ind2=" ">
    <subfield code="a">Global Net Series</subfield>
    <subfield code="9">21759</subfield>
  </datafield>
  <datafield tag="650" ind1=" " ind2=" ">
    <subfield code="a">General Knowledge</subfield>
    <subfield code="9">21626</subfield>
  </datafield>
  <datafield tag="700" ind1=" " ind2=" ">
    <subfield code="a">SINGH (Narender)</subfield>
    <subfield code="9">21627</subfield>
  </datafield>
  <datafield tag="700" ind1=" " ind2=" ">
    <subfield code="a">BAGGA(Shalini)</subfield>
    <subfield code="9">21628</subfield>
  </datafield>
  <datafield tag="942" ind1=" " ind2=" ">
    <subfield code="2">ddc</subfield>
    <subfield code="c">BK</subfield>
  </datafield>
  <datafield tag="999" ind1=" " ind2=" ">
    <subfield code="c">221584</subfield>
    <subfield code="d">221584</subfield>
  </datafield>
  <datafield tag="952" ind1=" " ind2=" ">
    <subfield code="0">0</subfield>
    <subfield code="1">0</subfield>
    <subfield code="2">ddc</subfield>
    <subfield code="4">0</subfield>
    <subfield code="7">0</subfield>
    <subfield code="8">ENG</subfield>
    <subfield code="a">AL</subfield>
    <subfield code="b">AL</subfield>
    <subfield code="d">2022-02-23</subfield>
    <subfield code="e">Biblios Book Point</subfield>
    <subfield code="g">208.00</subfield>
    <subfield code="l">6</subfield>
    <subfield code="m">2</subfield>
    <subfield code="o">032.02 SINE</subfield>
    <subfield code="p">075486</subfield>
    <subfield code="q">2026-09-05</subfield>
    <subfield code="r">2026-05-08 11:45:02</subfield>
    <subfield code="s">2026-05-08</subfield>
    <subfield code="v">260.00</subfield>
    <subfield code="w">2022-02-23</subfield>
    <subfield code="y">BK</subfield>
  </datafield>
</record>
